STRÁVITEĽNOSŤ DUSÍKATÝCH LÁTOK A TUKU V KŔMNYCH DÁVKACH PRE NORKY S RÔZNYM PODIELOM KOZIEHO MÄSA

Bibliographic Details
Main Authors: Mertin, D. (Author), Sűvegová, K. (Author), Chrenková, M. (Author), Fľak, Pavel (Author)
Format: Article
Language:Slovak

MARC

LEADER 00000nab a2200000uu 4500
001 vtls011538787
003 SK-MaSNL
005 20260304013350.0
008 230218|2003 xo |||||||||||||||||slo|
015 |a SNBRB 
035 |a (urnnbn)urn:nbn:sk:snk:ar-a09ozm 
035 |a (uuid)2046dcae-afa2-48cd-8612-ec0b03de0c81 
035 |a urn:nbn:sk:snk-abexeu 
040 |a SNKBUCL  |b slo  |c SNKBUCL  |e AACR2 
041 0 |a slo 
044 |a xo  |c SK 
100 1 |a Mertin, D.  |4 aut  |9 787888 
245 1 0 |a STRÁVITEĽNOSŤ DUSÍKATÝCH LÁTOK A TUKU V KŔMNYCH DÁVKACH PRE NORKY S RÔZNYM PODIELOM KOZIEHO MÄSA  |c D. Mertin, K. Sűvegová, M. Chrenková, P. Fľak 
246 3 |a DIGESTIBILITY OF CRUDE PROTEIN AND FAT FROM FEED RATIONS FOR MINKS WITH DIFFERENT PROPORTIONS OF GOAT MEAT 
700 1 |a Sűvegová, K.  |4 aut  |9 787889 
700 1 |a Chrenková, M.  |4 aut  |9 822551 
700 1 |a Fľak, Pavel  |4 aut  |9 5306 
773 0 |t Journal of farm animal science : vedecké práce Výskumného ústavu živočíšnej výroby v Nitre  |g Roč. 36, č. 36 (2003), s. 213-219 
954 |a odborná, vedecká literatúra pôvodná (slovenská)  |2 lita 
958 |a OND 
958 |a EUIPO 
958 |a article22 
999 |c 2575500  |d 2577430